000 00699 a2200229 4500
005 20160609163556.0
008 100803t xxu||||| |||| 00| 0 eng d
020 _a2 13 051461 8
040 _aBUAC
041 _aFr.
082 _a140
100 _aSfez, Gérald
_97840
245 _aL'enjeu Machiavel
_csous la dir. Gérald Sfez ; Michel Senellart
260 _aParis
_bPresses Universitaires de France
_c2001
300 _a245p
_c22 cm.
440 _a(Collection Librairie du Collège Internationl de Philosophie)
_97841
630 _a PHILOSOPHIE
_97842
650 _aPhilosophie : machéavelisme
_97843
700 _aSenellart, Michel
_cCollab.
_97844
942 _cLIVR
999 _c43467
_d43467